| 000 | 00296 a2200121 4500 | ||
|---|---|---|---|
| 999 |
_c322967 _d322967 |
||
| 001 | 87894 | ||
| 003 | NUST | ||
| 082 | _a954.910922 FAT | ||
| 100 |
_aFatima Bhutto _99749 |
||
| 245 |
_aSongs of Blood and Sword _hEnglish |
||
| 260 |
_aLondon _bJonathan Cape _c2010 |
||
| 300 | _a470p | ||
| 942 |
_aCAE NUST _cBK _k954.910922 FAT _2ddc |
||